00450nam a22001457a 4500003000400000005001700004008002900021020001800050040002600068100003100094245006200125260003700187300002300224500005700247OSt20210323102542.0210216b 2020 dr 00| 0 eng d a9789945094077 aDO-SdBNPbspa cBNPHU1 aConcepción, Luis Alberto10aDe política y algo más /cLuis Alberto Concepción.  aSanto Domingo :bBúho, c2020. a138 p. ; c23 cm.  aIncluye datos biográficos del autor en las solapas